[Event "Junior Online 4NCL Division 4"]
[Site "online"]
[Date "2020.10.15"]
[Round "5.95"]
[White "Dalah, Jacob"]
[Black "Belur, Ankita"]
[Result "0-1"]
[WhiteElo "1037"]
[BlackElo "1427"]
[PlyCount "108"]
[EventDate "2020.10.15"]
[WhiteTeam "May The Fork Be With You 7"]
[BlackTeam "Barnet Knights B"]

1. e4 d6 2. Nf3 Nf6 3. Nc3 g6 4. d3 Bg7 5. Be2 O-O 6. Bd2 c6 7. d4 b5 8. a3
Nbd7 9. O-O a6 10. Bd3 Bb7 11. Qc1 Re8 12. Bh6 Bh8 13. Re1 Ng4 14. Bg5 Qc7 15.
h3 Ngf6 16. Bxf6 Nxf6 17. Qh6 Bg7 18. Qh4 Nd7 19. Ng5 h6 20. Nf3 c5 21. dxc5
Nxc5 22. Be2 Kh7 23. Ng5+ Kg8 24. Nf3 h5 25. Bd3 Nxd3 26. cxd3 Bxc3 27. bxc3
Qxc3 28. Qg5 Qg7 29. Qg3 Rac8 30. Ng5 Rc3 31. Rec1 Rxc1+ 32. Rxc1 Rc8 33. Rb1
Rc3 34. a4 f6 35. Ne6 Qf7 36. Nd8 Qa2 37. Rf1 Bxe4 38. Ne6 Rxd3 39. f3 bxa4 40.
Nf4 Ra3 41. Nxh5 Kf7 42. Nf4 Qc4 43. Qh4 g5 44. Qh7+ Bxh7 45. Nh5 Rc3 46. Rf2
Rc1+ 47. Kh2 a3 48. Ng3 a2 49. Rxa2 Qxa2 50. Nh5 Bg6 51. Ng3 Rc2 52. Kh1 Rxg2
53. Nh5 Rh2+ 54. Kg1 Qg2# 0-1

[Event "Junior Online 4NCL Division 4"]
[Site "online"]
[Date "2020.10.15"]
[Round "5.96"]
[White "Rupf, Oscar"]
[Black "Patel, Kamran"]
[Result "1-0"]
[WhiteElo "1405"]
[BlackElo "1037"]
[PlyCount "51"]
[EventDate "2020.10.15"]
[WhiteTeam "Barnet Knights B"]
[BlackTeam "May The Fork Be With You 7"]

1. e4 e5 2. Nf3 Nc6 3. d4 exd4 4. Nxd4 d5 5. Nxc6 bxc6 6. Nc3 dxe4 7. Qxd8+
Kxd8 8. Nxe4 Be7 9. Bf4 Nf6 10. Nxf6 Bxf6 11. O-O-O+ Bd7 12. Bc4 Rf8 13. Rd2
Rb8 14. b3 Kc8 15. Rhd1 Bf5 16. h3 Rd8 17. Rxd8+ Bxd8 18. Bxf7 Rb4 19. Be3 a5
20. a3 Rb6 21. a4 Rb4 22. g4 Be4 23. Be6+ Kb7 24. Rxd8 Bg2 25. Bc8+ Kb8 26.
Ba6# 1-0

[Event "Junior Online 4NCL Division 4"]
[Site "online"]
[Date "2020.10.15"]
[Round "5.97"]
[White "Illingworth-Law, Oscar"]
[Black "Bracken, Layla"]
[Result "0-1"]
[WhiteElo "1037"]
[BlackElo "1405"]
[PlyCount "56"]
[EventDate "2020.10.15"]
[WhiteTeam "May The Fork Be With You 7"]
[BlackTeam "Barnet Knights B"]

1. e4 e5 2. Nf3 Nc6 3. Nc3 Nf6 4. d4 exd4 5. Nxd4 Bb4 6. Nxc6 bxc6 7. Bg5 h6 8.
Bh4 d6 9. Qf3 Bg4 10. Qf4 g5 11. Bxg5 hxg5 12. Qxg5 Bxc3+ 13. bxc3 Qe7 14. Qg7
Qxe4+ 15. Kd2 Ke7 16. Re1 Rhg8 17. Rxe4+ Nxe4+ 18. Ke3 Rxg7 19. Kxe4 d5+ 20.
Kf4 Rb8 21. Be2 Bxe2 22. Re1 Rg4+ 23. Kf5 Rxg2 24. Rxe2+ Kd6 25. Rd2 Re8 26. c4
Re5+ 27. Kf6 Kd7 28. Kxf7 Rf5# 0-1

[Event "Junior Online 4NCL Division 4"]
[Site "online"]
[Date "2020.10.15"]
[Round "5.98"]
[White "Bruhn, Johann"]
[Black "Patel, Rohan"]
[Result "1-0"]
[WhiteElo "1367"]
[BlackElo "1037"]
[PlyCount "109"]
[EventDate "2020.10.15"]
[WhiteTeam "Barnet Knights B"]
[BlackTeam "May The Fork Be With You 7"]

1. d4 d5 2. c4 Nf6 3. Nc3 c6 4. Bf4 e6 5. Nf3 Bd6 6. Bxd6 Qxd6 7. c5 Qd8 8. Qc1
h6 9. e3 Bd7 10. Bd3 a6 11. b4 b5 12. a4 O-O 13. axb5 cxb5 14. O-O Bc6 15. Ne5
Be8 16. e4 dxe4 17. Nxe4 Nxe4 18. Bxe4 Ra7 19. Rd1 f6 20. Ng6 Bxg6 21. Bxg6 Qc7
22. Qc2 f5 23. Qb3 Nd7 24. Qxe6+ Kh8 25. Rxa6 Rxa6 26. Qxa6 Rf6 27. Qa8+ Rf8
28. Qd5 Nf6 29. Qxf5 Qe7 30. h3 Qe2 31. Rf1 Qe7 32. Qf3 Qe6 33. Qe3 Ne4 34.
Qxe4 Qxe4 35. Bxe4 Re8 36. Bf3 Rf8 37. c6 Re8 38. d5 Rf8 39. c7 Re8 40. Bg4 Rf8
41. c8=Q Rxc8 42. Bxc8 Kh7 43. d6 Kg6 44. d7 Kf7 45. d8=Q Kg6 46. Qe8+ Kf6 47.
Qxb5 Kg6 48. Re1 Kf6 49. Qe5+ Kg6 50. Bf5+ Kg5 51. g3 h5 52. Be4+ Kh6 53. Qd6+
Kg5 54. Rc1 h4 55. Rc5# 1-0

[Event "Junior Online 4NCL Division 4"]
[Site "online"]
[Date "2020.10.15"]
[Round "5.101"]
[White "Kothari, Jai"]
[Black "Kucukyildiz, Alp Tugrul"]
[Result "1-0"]
[WhiteElo "1690"]
[BlackElo "1360"]
[PlyCount "107"]
[EventDate "2020.10.15"]
[WhiteTeam "Woking Warriors"]
[BlackTeam "Wimbledon Juniors"]

1. d4 Nf6 2. Bf4 g6 3. Nc3 Bg7 4. e4 d6 5. Nf3 Bg4 6. Be2 Nc6 7. h3 Bd7 8. d5
Nb8 9. O-O Nh5 10. Bh2 e5 11. dxe6 Bxe6 12. Nd4 O-O 13. Nxe6 fxe6 14. Bxh5 gxh5
15. Qxh5 Qf6 16. Rae1 Nc6 17. f4 Nd4 18. Rf2 e5 19. Nd5 Qf7 20. Qxf7+ Rxf7 21.
c3 Nc6 22. fxe5 Rxf2 23. Kxf2 Nxe5 24. Bxe5 Bxe5 25. Nxc7 Rf8+ 26. Ke3 Bf4+ 27.
Kd3 Bg3 28. Re2 Rf7 29. Nd5 Kg7 30. Re3 Bh4 31. Rf3 Rd7 32. c4 Be1 33. b3 a6
34. g3 Kg8 35. Nf6+ Kf7 36. Nxd7+ Ke7 37. Nb6 Ke6 38. Nd5 Ba5 39. Rf6+ Kd7 40.
Rf7+ Kc6 41. Rxh7 Be1 42. g4 Bg3 43. g5 Be5 44. g6 b5 45. cxb5+ Kxb5 46. h4 a5
47. h5 a4 48. h6 axb3 49. axb3 Kc6 50. g7 Bxg7 51. hxg7 Kc5 52. g8=Q Kb5 53.
Qb8+ Kc5 54. Rc7# 1-0

[Event "Junior Online 4NCL Division 4"]
[Site "online"]
[Date "2020.10.15"]
[Round "5.102"]
[White "Li, Sophia"]
[Black "Phillips, Freddie"]
[Result "0-1"]
[WhiteElo "1270"]
[BlackElo "1435"]
[PlyCount "102"]
[EventDate "2020.10.15"]
[WhiteTeam "Wimbledon Juniors"]
[BlackTeam "Woking Warriors"]

1. e4 e5 2. Nf3 Nc6 3. d4 d6 4. dxe5 Nxe5 5. Nxe5 dxe5 6. Qd2 Be7 7. Qxd8+ Bxd8
8. Bc4 Nf6 9. Nc3 b6 10. O-O Bb7 11. Re1 Be7 12. Bg5 O-O-O 13. Bxf6 Bxf6 14.
Nb5 Kb8 15. Bxf7 Rhf8 16. Bb3 Bh4 17. Re2 Ba6 18. c4 c6 19. Nc3 Rd4 20. g3 Bg5
21. Rc2 Bxc4 22. Bxc4 Rxc4 23. b3 Rd4 24. Kg2 h5 25. a4 Bd2 26. a5 Bxc3 27.
Rxc3 bxa5 28. Rxa5 Rxe4 29. Rxc6 Rb4 30. Rca6 Rxb3 31. Rxa7 Kc8 32. Rc5+ Kb8
33. Rxe5 Kxa7 34. Re7+ Ka6 35. Rxg7 Rb2 36. Rg6+ Ka5 37. Rg5+ Ka4 38. Rxh5
Rfxf2+ 39. Kh3 Rxh2+ 40. Kg4 Rb4+ 41. Kg5 Rb5+ 42. Kg4 Rhxh5 43. Kf4 Rhf5+ 44.
Kg4 Rfc5 45. Kf4 Rc4+ 46. Kf3 Rb3+ 47. Kg2 Rg4 48. Kf2 Rgxg3 49. Ke2 Rg2+ 50.
Kf1 Rc2 51. Ke1 Rb1# 0-1

[Event "Junior Online 4NCL Division 4"]
[Site "online"]
[Date "2020.10.15"]
[Round "5.103"]
[White "Seet, Joshua"]
[Black "Shan-Muhammad, Rohan"]
[Result "1-0"]
[WhiteElo "1330"]
[BlackElo "1075"]
[PlyCount "121"]
[EventDate "2020.10.15"]
[WhiteTeam "Woking Warriors"]
[BlackTeam "Wimbledon Juniors"]

1. d4 d5 2. c4 c6 3. Nc3 Nf6 4. cxd5 Nxd5 5. Nf3 Nxc3 6. bxc3 Bg4 7. Bf4 Bxf3
8. exf3 e6 9. Bc4 c5 10. O-O Nc6 11. d5 exd5 12. Bxd5 Be7 13. Qb3 O-O 14. Bxc6
bxc6 15. Rfd1 Qb6 16. Qxb6 axb6 17. Rd7 Rfe8 18. Rc7 Bd8 19. Rxc6 Rxa2 20. Rc1
Rae2 21. h3 Re1+ 22. Rxe1 Rxe1+ 23. Kh2 h6 24. Rc8 Re8 25. g3 g5 26. Bc7 Rf8
27. Rxd8 Rxd8 28. Bxd8 b5 29. Be7 c4 30. Bb4 h5 31. g4 h4 32. Be7 Kh7 33. Bxg5
Kg6 34. f4 b4 35. Bxh4 bxc3 36. f5+ Kg7 37. Bg3 c2 38. Bf4 Kf6 39. Kg2 Ke7 40.
Kf3 Kd7 41. Bc1 Kd6 42. Ke2 Kd5 43. Kd2 Kd4 44. Kxc2 c3 45. h4 Ke4 46. h5 Kf3
47. h6 Kxg4 48. h7 Kxf5 49. h8=Q Kg4 50. Qg7+ Kf3 51. Qxf7+ Kg2 52. Kxc3 Kf1
53. Qf3 Ke1 54. Qe3+ Kf1 55. f4 Kg2 56. f5 Kh1 57. f6 Kh2 58. f7 Kh1 59. f8=Q
Kh2 60. Qg5 Kh1 61. Qh8# 1-0

[Event "Junior Online 4NCL Division 4"]
[Site "online"]
[Date "2020.10.15"]
[Round "5.104"]
[White "Tan, Adam"]
[Black "Wicks, Alexander"]
[Result "0-1"]
[WhiteElo "925"]
[BlackElo "1345"]
[PlyCount "84"]
[EventDate "2020.10.15"]
[WhiteTeam "Wimbledon Juniors"]
[BlackTeam "Woking Warriors"]

1. e4 d5 2. exd5 Nf6 3. Bb5+ Bd7 4. Nc3 Bxb5 5. Nxb5 a6 6. Nc3 Nxd5 7. Nxd5
Qxd5 8. c4 Qxg2 9. Qf3 Qxf3 10. Nxf3 e6 11. b4 c5 12. a3 cxb4 13. axb4 Bxb4 14.
Ba3 Bxa3 15. Rxa3 O-O 16. O-O Nc6 17. Ne1 Rfd8 18. Kh1 Rxd2 19. Rg1 Rxf2 20.
Rf3 Rxf3 21. Nxf3 b6 22. Ne5 Nxe5 23. Rc1 a5 24. h4 a4 25. h5 h6 26. Ra1 Nxc4
27. Rxa4 Rxa4 28. Kg2 Ra3 29. Kf2 b5 30. Ke2 b4 31. Kd1 b3 32. Kc1 b2+ 33. Kb1
Ra1+ 34. Kc2 b1=Q+ 35. Kc3 Ra3+ 36. Kxc4 Qf5 37. Kb4 Re3 38. Kc4 Re4+ 39. Kd3
Qf3+ 40. Kd2 Re2+ 41. Kd1 Qd3+ 42. Kc1 Qc2# 0-1

[Event "Junior Online 4NCL Division 4"]
[Site "online"]
[Date "2020.10.15"]
[Round "5.105"]
[White "Kucukyildiz, Alp Tugrul"]
[Black "Kothari, Jai"]
[Result "0-1"]
[WhiteElo "1360"]
[BlackElo "1690"]
[PlyCount "54"]
[EventDate "2020.10.15"]
[WhiteTeam "Wimbledon Juniors"]
[BlackTeam "Woking Warriors"]

1. e4 e6 2. d4 d5 3. e5 c5 4. c3 Nc6 5. Nf3 Nge7 6. Bf4 Qb6 7. Qb3 Qxb3 8. axb3
Nf5 9. Be3 cxd4 10. Bxd4 Nfxd4 11. Nxd4 Nxe5 12. f4 Nc6 13. Bb5 Bd7 14. Nxc6
bxc6 15. Ba6 Bd6 16. g3 O-O 17. O-O c5 18. Rd1 Bc6 19. c4 d4 20. Nd2 f6 21. Nf1
e5 22. fxe5 fxe5 23. Nd2 e4 24. Re1 e3 25. Nf1 Rf2 26. Rad1 Rg2+ 27. Kh1 Rxg3#
0-1

[Event "Junior Online 4NCL Division 4"]
[Site "online"]
[Date "2020.10.15"]
[Round "5.106"]
[White "Phillips, Freddie"]
[Black "Li, Sophia"]
[Result "1-0"]
[WhiteElo "1435"]
[BlackElo "1270"]
[PlyCount "117"]
[EventDate "2020.10.15"]
[WhiteTeam "Woking Warriors"]
[BlackTeam "Wimbledon Juniors"]

1. e4 e5 2. Nf3 Nc6 3. Nc3 Nf6 4. Bc4 Bc5 5. Ng5 O-O 6. O-O d6 7. d3 h6 8. Nf3
Nd4 9. Nxd4 Bxd4 10. Nb5 Bg4 11. Qe1 Bb6 12. Be3 Bxe3 13. Qxe3 c6 14. Nc3 b5
15. Bb3 a5 16. a4 b4 17. Na2 d5 18. exd5 cxd5 19. Qxe5 Re8 20. Qf4 Qd7 21. c3
Re2 22. cxb4 Nh5 23. Qd4 Nf6 24. bxa5 Rxa5 25. Qb6 Ra7 26. Qb8+ Kh7 27. Nc3
Rxb2 28. Rfb1 Rb7 29. Qa8 R7xb3 30. Rxb2 Rxb2 31. a5 d4 32. Na2 Qa4 33. h3 Bh5
34. a6 Rxa2 35. Rxa2 Qxa2 36. a7 Qa1+ 37. Kh2 Qf1 38. Qb8 Nd7 39. Qd8 Nb6 40.
Qxb6 Qxf2 41. a8=Q Qf4+ 42. Kg1 Qc1+ 43. Kh2 Qf4+ 44. g3 Qf2+ 45. Qg2 Qxg2+ 46.
Kxg2 g6 47. Qxd4 Kg8 48. Qd8+ Kh7 49. Qf6 g5 50. g4 Bg6 51. d4 Be4+ 52. Kg3 Bg6
53. d5 Kg8 54. d6 Kh7 55. d7 h5 56. d8=Q h4+ 57. Kf2 Kh6 58. Qfh8+ Bh7 59.
Qdf6# 1-0

[Event "Junior Online 4NCL Division 4"]
[Site "online"]
[Date "2020.10.15"]
[Round "5.107"]
[White "Shan-Muhammad, Rohan"]
[Black "Seet, Joshua"]
[Result "0-1"]
[WhiteElo "1075"]
[BlackElo "1330"]
[PlyCount "98"]
[EventDate "2020.10.15"]
[WhiteTeam "Wimbledon Juniors"]
[BlackTeam "Woking Warriors"]

1. e4 c6 2. Nf3 d5 3. exd5 cxd5 4. d4 Nf6 5. Nc3 Bg4 6. Bg5 e6 7. Bb5+ Nc6 8.
O-O Bd6 9. h3 Bh5 10. Bxc6+ bxc6 11. Na4 h6 12. Bxf6 Qxf6 13. Nc5 Qf4 14. Nd3
Bxf3 15. Nxf4 Bxd1 16. Raxd1 Bxf4 17. g3 Bd6 18. a4 Rb8 19. b3 O-O 20. Rb1 c5
21. c3 cxd4 22. cxd4 Rb4 23. Rfd1 Rfb8 24. Rd3 Rxa4 25. bxa4 Rxb1+ 26. Kg2 Ra1
27. Rc3 Rxa4 28. Rd3 g5 29. h4 g4 30. f3 gxf3+ 31. Kxf3 Ra3 32. Rxa3 Bxa3 33.
Kg4 Bb2 34. Kh5 Kg7 35. g4 a5 36. g5 hxg5 37. hxg5 a4 38. Kg4 a3 39. Kf3 a2 40.
Ke3 a1=Q 41. Kf4 Qc1+ 42. Kg4 Bxd4 43. Kh5 Qf1 44. Kg4 Qg2+ 45. Kh5 Be3 46. Kh4
Qxg5+ 47. Kh3 Bf2 48. Kh2 Qg3+ 49. Kh1 Qg1# 0-1

[Event "Junior Online 4NCL Division 4"]
[Site "online"]
[Date "2020.10.15"]
[Round "5.108"]
[White "Wicks, Alexander"]
[Black "Tan, Adam"]
[Result "1-0"]
[WhiteElo "1345"]
[BlackElo "925"]
[PlyCount "103"]
[EventDate "2020.10.15"]
[WhiteTeam "Woking Warriors"]
[BlackTeam "Wimbledon Juniors"]

1. e4 d5 2. exd5 Nf6 3. c4 Bg4 4. Be2 e6 5. Bxg4 Bc5 6. d4 Bb6 7. c5 Ba5+ 8.
Bd2 Bxd2+ 9. Nxd2 O-O 10. dxe6 fxe6 11. Nb3 Nxg4 12. Qxg4 Nc6 13. Qxe6+ Rf7 14.
Nf3 Qe8 15. Qxe8+ Rxe8+ 16. Kd2 Nb4 17. Rhe1 Rff8 18. Ne5 Rxf2+ 19. Kc3 Nc2 20.
Rg1 Nxa1 21. Nxa1 Ref8 22. Nf3 a5 23. Nb3 b6 24. cxb6 a4 25. Nc5 cxb6 26. Nxa4
b5 27. Nc5 Rb8 28. Na6 b4+ 29. Nxb4 Rc8+ 30. Kb3 Re2 31. a4 Re3+ 32. Ka2 Re2
33. a5 Rb8 34. Ka3 Re3+ 35. Ka4 g6 36. a6 h5 37. a7 Ra8 38. Nc6 Rae8 39. d5 Re2
40. b4 Ra2+ 41. Kb5 Rae2 42. d6 g5 43. d7 Rf8 44. d8=Q Rxd8 45. Nxd8 Ra2 46.
Kb6 g4 47. Ng5 h4 48. Kb7 h3 49. gxh3 gxh3 50. Nge6+ Kh7 51. Nf7 Rf2 52. Nf8#
1-0

[Event "Junior Online 4NCL Division 4"]
[Site "online"]
[Date "2020.10.15"]
[Round "5.111"]
[White "Nilim, Armaan"]
[Black "Sohi, Aarav"]
[Result "1-0"]
[WhiteElo "1285"]
[BlackElo "1150"]
[PlyCount "129"]
[EventDate "2020.10.15"]
[WhiteTeam "JHJ 6"]
[BlackTeam "Rovers Athletic"]

1. d4 c6 2. Nc3 d5 3. Nf3 Bf5 4. Bf4 Nd7 5. e3 e6 6. Bd3 Ngf6 7. Bxf5 exf5 8.
Ne5 Bd6 9. Nxd7 Qxd7 10. Bg3 O-O 11. O-O Ng4 12. h3 Bxg3 13. fxg3 Nxe3 14. Qe2
Nxf1 15. Qxf1 Rae8 16. Re1 Rxe1 17. Qxe1 Re8 18. Qd2 Qe6 19. Kf2 f4 20. gxf4
Qh6 21. Ne2 Qh5 22. Ng3 Qh4 23. Kf3 b5 24. Qc3 Re6 25. f5 Rf6 26. Qa5 h5 27.
Qxa7 g5 28. Qb6 g4+ 29. Kf4 gxh3+ 30. Kf3 Qg4+ 31. Kf2 hxg2 32. Kxg2 Rxf5 33.
Qxc6 Qf3+ 34. Kh3 Qg4+ 35. Kg2 Qxd4 36. Qc8+ Kg7 37. Qxf5 Qd2+ 38. Qf2 Qxf2+
39. Kxf2 h4 40. Nf5+ Kf6 41. Nxh4 Kg5 42. Nf3+ Kf4 43. c3 f5 44. b3 Ke4 45. a4
bxa4 46. bxa4 d4 47. cxd4 f4 48. a5 Kd5 49. a6 Kc6 50. Kg2 Kb6 51. Kh3 Kxa6 52.
Kg4 Kb5 53. Kxf4 Kc4 54. Ke5 Kd3 55. d5 Kc4 56. d6 Kc5 57. d7 Kc6 58. d8=Q Kc5
59. Qd4+ Kc6 60. Qd5+ Kb6 61. Kd6 Ka6 62. Kc6 Ka7 63. Qa5+ Kb8 64. Qb6+ Ka8 65.
Qb7# 1-0

[Event "Junior Online 4NCL Division 4"]
[Site "online"]
[Date "2020.10.15"]
[Round "5.112"]
[White "Stanley, Isaac"]
[Black "Pipalia, Rishi"]
[Result "0-1"]
[WhiteElo "1210"]
[BlackElo "1202"]
[PlyCount "130"]
[EventDate "2020.10.15"]
[WhiteTeam "Rovers Athletic"]
[BlackTeam "JHJ 6"]

1. d4 e5 2. dxe5 Nc6 3. Nf3 Qe7 4. Bg5 f6 5. exf6 gxf6 6. Bf4 Qb4+ 7. Nc3 Qxf4
8. Nd5 Qd6 9. Nh4 Nb4 10. Nf5 Qxd5 11. Qxd5 Nxd5 12. g3 d6 13. Bg2 c6 14. O-O
Bxf5 15. e4 Bxe4 16. Bxe4 O-O-O 17. Bf5+ Kc7 18. Rfe1 Bg7 19. Rad1 Nge7 20. Bg4
f5 21. Bf3 Bxb2 22. c4 Nb6 23. Rxe7+ Rd7 24. Re2 Be5 25. Bg2 Nxc4 26. f4 Bf6
27. Bh3 Re7 28. Rf2 c5 29. Bxf5 Bd4 30. Rxd4 cxd4 31. Rc2 Re1+ 32. Kg2 b5 33.
Bd3 Kb6 34. Bxc4 bxc4 35. Rxc4 Re2+ 36. Kh3 Rxa2 37. Rxd4 Kc5 38. Rd1 a5 39.
Rc1+ Kb6 40. Rb1+ Kc7 41. Rc1+ Kd7 42. Rd1 a4 43. Kg4 a3 44. Rd4 Rxh2 45. Ra4
Ra2 46. Kg5 Ra1 47. f5 a2 48. f6 Ke6 49. Re4+ Kf7 50. Re7+ Kf8 51. Kf5 Rf1+ 52.
Ke6 a1=Q 53. Rf7+ Ke8 54. Re7+ Kd8 55. Rd7+ Kc8 56. f7 Qf6+ 57. Kd5 Rd1+ 58.
Kc6 Rc1+ 59. Kd5 Qf5+ 60. Kxd6 Rd1+ 61. Ke7 Qxd7+ 62. Kf6 Rf1+ 63. Kg7 Qxf7+
64. Kxh8 Qg6 65. g4 Rf8# 0-1

[Event "Junior Online 4NCL Division 4"]
[Site "online"]
[Date "2020.10.15"]
[Round "5.113"]
[White "Cancedda-Dupuis, Livio"]
[Black "Evans, Dylan"]
[Result "0-1"]
[WhiteElo "1180"]
[BlackElo "1090"]
[PlyCount "104"]
[EventDate "2020.10.15"]
[WhiteTeam "JHJ 6"]
[BlackTeam "Rovers Athletic"]

1. d4 d5 2. c4 dxc4 3. Nc3 c5 4. d5 e6 5. e4 exd5 6. exd5 Nf6 7. Bxc4 Bd6 8.
Nf3 Bg4 9. h3 Bh5 10. g4 Bg6 11. Bg5 O-O 12. Qe2 Re8 13. Be3 Ne4 14. O-O-O Nxc3
15. bxc3 Bf4 16. h4 Bxe3+ 17. fxe3 Qa5 18. Qb2 h6 19. Kd2 b6 20. h5 Be4 21.
Rhf1 a6 22. a4 Rd8 23. Bb3 Bxd5 24. Bxd5 Rxd5+ 25. Kc2 Rxd1 26. Rxd1 Nc6 27.
Kc1 b5 28. Qc2 Qxa4 29. Qxa4 bxa4 30. Kb1 Rb8+ 31. Ka2 Rb3 32. c4 Rxe3 33. Nd2
Rd3 34. Kb2 Ne5 35. Kc1 Nxc4 36. Kc2 Rxd2+ 37. Rxd2 Nxd2 38. Kxd2 a3 39. Kc2 c4
40. Kb1 c3 41. Ka2 c2 42. Kxa3 c1=Q+ 43. Ka4 Qf4+ 44. Ka5 Qxg4 45. Kxa6 Qxh5
46. Ka7 Qb5 47. Ka8 f5 48. Ka7 f4 49. Ka8 f3 50. Ka7 f2 51. Ka8 f1=Q 52. Ka7
Qa1# 0-1

[Event "Junior Online 4NCL Division 4"]
[Site "online"]
[Date "2020.10.15"]
[Round "5.114"]
[White "Sohi, Sehej"]
[Black "Pipalia, Ayush"]
[Result "0-1"]
[WhiteElo "1000"]
[BlackElo "1127"]
[PlyCount "60"]
[EventDate "2020.10.15"]
[WhiteTeam "Rovers Athletic"]
[BlackTeam "JHJ 6"]

1. e4 e5 2. Bc4 Nc6 3. Qh5 g6 4. Qf3 Nf6 5. Ne2 Bg7 6. O-O Nb4 7. Nbc3 Nxc2 8.
Rb1 Nb4 9. Nd5 Nbxd5 10. exd5 d6 11. Ng3 Bg4 12. Qa3 O-O 13. Re1 c6 14. dxc6
bxc6 15. Ba6 Qb6 16. d3 Rfe8 17. Be3 Qc7 18. Qb3 Rab8 19. Qa4 Nd5 20. Bxa7 Qxa7
21. Rbc1 Rxb2 22. Rf1 Bh6 23. Rxc6 Reb8 24. h3 Rb1 25. hxg4 Rxf1+ 26. Nxf1 Rb2
27. Qe4 Qxf2+ 28. Kh2 Qxf1 29. Qxd5 Bf4+ 30. Kh3 Qh1# 0-1

[Event "Junior Online 4NCL Division 4"]
[Site "online"]
[Date "2020.10.15"]
[Round "5.115"]
[White "Sohi, Aarav"]
[Black "Nilim, Armaan"]
[Result "0-1"]
[WhiteElo "1150"]
[BlackElo "1285"]
[PlyCount "86"]
[EventDate "2020.10.15"]
[WhiteTeam "Rovers Athletic"]
[BlackTeam "JHJ 6"]

1. d4 c5 2. c4 cxd4 3. Nf3 Nc6 4. Nxd4 Qb6 5. Be3 Qxb2 6. Nd2 Nxd4 7. Bxd4 Qxd4
8. g3 e6 9. Bg2 Bb4 10. O-O Qxd2 11. Qxd2 Bxd2 12. Rfd1 Ba5 13. Rab1 Bb6 14. c5
Bxc5 15. Bxb7 Rb8 16. Bxc8 Rxc8 17. Rb7 Nf6 18. e3 Bb6 19. f4 d5 20. Rd3 Nd7
21. Kf2 Nc5 22. Rc3 O-O 23. Rxc5 Bxc5 24. Rb5 Bb6 25. a4 Rc2+ 26. Kf3 Ra2 27.
Rb4 Rc8 28. h4 Rc4 29. Rb5 Raxa4 30. Rb1 Rab4 31. Rd1 a5 32. Ra1 a4 33. g4 Rc3
34. f5 exf5 35. gxf5 a3 36. Ke2 Rb2+ 37. Kd1 a2 38. Ke1 Rb1+ 39. Rxb1 axb1=Q+
40. Ke2 Qd3+ 41. Kf3 Qxe3+ 42. Kg4 Qf3+ 43. Kg5 f6# 0-1

[Event "Junior Online 4NCL Division 4"]
[Site "online"]
[Date "2020.10.15"]
[Round "5.116"]
[White "Pipalia, Rishi"]
[Black "Stanley, Isaac"]
[Result "1-0"]
[WhiteElo "1202"]
[BlackElo "1210"]
[PlyCount "43"]
[EventDate "2020.10.15"]
[WhiteTeam "JHJ 6"]
[BlackTeam "Rovers Athletic"]

1. e4 e6 2. d4 d5 3. e5 c5 4. c4 Nc6 5. cxd5 exd5 6. Nf3 Qb6 7. dxc5 Qxc5 8.
Be3 Qa5+ 9. Nbd2 Qb6 10. Bxb6 axb6 11. Bb5 Bc5 12. Nb3 Nge7 13. Nxc5 bxc5 14.
Bxc6+ Nxc6 15. Qxd5 O-O 16. O-O Be6 17. Qxc5 Ra5 18. Qc3 Rd8 19. Rfd1 Re8 20.
Nd4 Ne7 21. Qxa5 Rd8 22. Qxd8# 1-0

[Event "Junior Online 4NCL Division 4"]
[Site "online"]
[Date "2020.10.15"]
[Round "5.117"]
[White "Evans, Dylan"]
[Black "Cancedda-Dupuis, Livio"]
[Result "1-0"]
[WhiteElo "1090"]
[BlackElo "1180"]
[PlyCount "107"]
[EventDate "2020.10.15"]
[WhiteTeam "Rovers Athletic"]
[BlackTeam "JHJ 6"]

1. e4 c6 2. d4 d5 3. e5 Bf5 4. Bd3 Bxd3 5. cxd3 e6 6. Nf3 f6 7. Nc3 fxe5 8.
dxe5 d4 9. Ne2 c5 10. Qb3 Qc7 11. Qxe6+ Qe7 12. Nf4 Qxe6 13. Nxe6 Ne7 14. Nc7+
Kd7 15. Nxa8 Nd5 16. O-O Nb4 17. Bd2 Nxd3 18. e6+ Kxe6 19. Nc7+ Kd7 20. Nd5 Kd6
21. Nf4 Nxb2 22. Nh3 d3 23. Bf4+ Kd5 24. Bxb8 c4 25. Bxa7 c3 26. Nf4+ Ke4 27.
Be3 c2 28. Ng5+ Kf5 29. Nf7 Rg8 30. g3 Kf6 31. Bd4+ Ke7 32. Bxb2 Kxf7 33. Nxd3
Bd6 34. Rac1 Rc8 35. a3 b5 36. Nb4 Bxb4 37. axb4 Rc4 38. Rfe1 Kf8 39. Re2 Kf7
40. Rcxc2 Rxb4 41. Re7+ Kxe7 42. Ba3 Ke6 43. Bxb4 Kd5 44. Bf8 Kd4 45. Bxg7+ Kd3
46. Rb2 Kc4 47. f4 b4 48. f5 b3 49. f6 Kc3 50. f7+ Kd3 51. f8=Q Kc4 52. Qa3 Kd3
53. Rxb3+ Ke2 54. Rb2+ 1-0

[Event "Junior Online 4NCL Division 4"]
[Site "online"]
[Date "2020.10.15"]
[Round "5.118"]
[White "Pipalia, Ayush"]
[Black "Sohi, Sehej"]
[Result "1-0"]
[WhiteElo "1127"]
[BlackElo "1000"]
[PlyCount "72"]
[EventDate "2020.10.15"]
[WhiteTeam "JHJ 6"]
[BlackTeam "Rovers Athletic"]

1. d4 d5 2. Bf4 Bf5 3. Nc3 Nf6 4. Nb5 Na6 5. e3 e6 6. Bd3 Bg4 7. f3 Bf5 8. Nc3
Bxd3 9. Qxd3 Bb4 10. a3 Bxc3+ 11. Qxc3 O-O 12. Qd3 Re8 13. Qb3 Qd7 14. Qxb7 Qa4
15. b3 Rab8 16. Qxa7 Qc6 17. O-O-O Ra8 18. Qxa8 Rxa8 19. Rd2 Nh5 20. g4 Nxf4
21. exf4 Nb8 22. a4 Na6 23. Nh3 Nb4 24. Kb2 Rb8 25. f5 exf5 26. gxf5 Qh6 27.
Rg2 Qxh3 28. Rhg1 g6 29. fxg6 fxg6 30. Re2 Qxf3 31. Rge1 Qf4 32. Re8+ Rxe8 33.
Rxe8+ Kf7 34. Rd8 Qxd4+ 35. c3 Qd2+ 36. Ka3 Nc2+ 1-0

[Event "Junior Online 4NCL Division 4"]
[Site "online"]
[Date "2020.10.15"]
[Round "5.121"]
[White "Kammin, Samuel"]
[Black "Jowell, Leo"]
[Result "1-0"]
[WhiteElo "1697"]
[BlackElo "1172"]
[PlyCount "83"]
[EventDate "2020.10.15"]
[WhiteTeam "Farnham Fantasticos"]
[BlackTeam "May The Fork Be With You 5"]

1. d4 Nf6 2. Nf3 g6 3. c4 Bg7 4. g3 d6 5. Bg2 O-O 6. Nc3 Nbd7 7. Qc2 e5 8. dxe5
dxe5 9. O-O Re8 10. Ng5 Nc5 11. Rd1 Qe7 12. b4 Na6 13. a3 Bf5 14. Qb3 c5 15. b5
Nb8 16. Bb2 a6 17. a4 axb5 18. axb5 Rxa1 19. Rxa1 b6 20. Nge4 Nxe4 21. Nxe4
Bxe4 22. Bxe4 Nd7 23. Ra7 f5 24. Bc6 Rd8 25. Qd3 e4 26. Qd5+ Kf8 27. Bxg7+ Qxg7
28. Rxd7 Rxd7 29. Bxd7 Qa1+ 30. Kg2 Qb2 31. Qd6+ Kg7 32. Qxb6 Qxe2 33. Qd6 e3
34. Qe5+ Kh6 35. Qxe3+ Qxe3 36. fxe3 Kg5 37. b6 h5 38. b7 h4 39. b8=Q h3+ 40.
Kxh3 f4 41. Qxf4+ Kh5 42. Qh4# 1-0

[Event "Junior Online 4NCL Division 4"]
[Site "online"]
[Date "2020.10.15"]
[Round "5.122"]
[White "Rahamim, Eitan"]
[Black "Warren, Archie"]
[Result "1-0"]
[WhiteElo "1187"]
[BlackElo "1450"]
[PlyCount "87"]
[EventDate "2020.10.15"]
[WhiteTeam "May The Fork Be With You 5"]
[BlackTeam "Farnham Fantasticos"]

1. d4 Nf6 2. Nc3 g6 3. Bf4 Bg7 4. Nf3 O-O 5. g3 b6 6. Bg2 Bb7 7. O-O d6 8. e3
Nbd7 9. Qe2 Rc8 10. a4 h6 11. h4 Nh5 12. a5 Nxf4 13. exf4 Nf6 14. axb6 axb6 15.
Rfd1 Qd7 16. Qf1 e6 17. Ra7 Ba8 18. Bh3 Qe7 19. Bg2 Rfd8 20. Nb5 Bc6 21. c4
Bxb5 22. cxb5 Nh5 23. Qc4 d5 24. Qc6 Rd6 25. Qb7 Qd8 26. Ne5 Bxe5 27. dxe5 Rd7
28. f5 gxf5 29. Bh3 Ng7 30. g4 h5 31. gxf5 exf5 32. Kg2 Kf8 33. Kg3 Ke8 34.
Rda1 c5 35. Qa6 d4 36. Kf4 Qxh4+ 37. Kf3 Qxh3+ 38. Ke2 d3+ 39. Kd2 Rcd8 40.
Rxd7 Rxd7 41. Qa8+ Rd8 42. Qc6+ Rd7 43. Ra8+ Ke7 44. Qf6# 1-0